[Event "Arab-chT op"]
[Site "Hammamet"]
[Date "2019.03.03"]
[Round "1.2"]
[White "Al Zendani, Zendan"]
[Black "Hmam, Mohamed"]
[Result "1/2-1/2"]
[WhiteElo "2310"]
[BlackElo "2020"]
[PlyCount "82"]
[EventDate "2019.03.03"]
[EventType "team-swiss"]
[EventRounds "7"]
[EventCountry "TUN"]
[SourceTitle "EXT 2024"]
[Source "ChessBase"]
[SourceDate "2023.10.10"]
[SourceVersion "1"]
[SourceVersionDate "2023.10.10"]
[SourceQuality "1"]
[WhiteTeam "Yemen"]
[BlackTeam "Tunisia II"]
[WhiteTeamCountry "YEM"]
[BlackTeamCountry "TUN"]

1. e4 c6 2. d4 d5 3. Nc3 dxe4 4. Nxe4 Nf6 5. Nxf6+ exf6 6. Bc4 Bd6 7. Qh5 0-0 8. Be3 g6 9. Qh6 Bf5 10. 0-0-0 b5 11. Bd3 Be6 12. h4 Re8 13. h5 Bf8 14. Qf4 g5 15. Qf3 h6 16. Ne2 Bg7 17. Ng3 Qd5 18. Qxd5 Bxd5 19. Rhg1 Na6 20. a3 Nc7 21. Rde1 Bf8 22. Nf5 a5 23. Bd2 b4 24. a4 Be6 25. f4 Nd5 26. g3 Rad8 27. fxg5 fxg5 28. Ref1 Nb6 29. b3 Nd5 30. Rf3 Bxf5 31. Rxf5 Bg7 32. Rgf1 Re7 33. Bc4 Bxd4 34. R1f3 f6 35. Rd3 Be5 36. Be3 Kg7 37. Bb6 Rde8 38. Bxd5 cxd5 39. Bxa5 Bc3 40. Rf1 Re1+ 41. Rd1 f5 1/2-1/2

[Event "Arab Cities"]
[Site "Hammamet"]
[Date "2019.02.22"]
[Round "2.2"]
[White "Al Nhier, Hamoud"]
[Black "Al Zendani, Zendan"]
[Result "0-1"]
[WhiteElo "1929"]
[BlackElo "2307"]
[PlyCount "104"]
[EventDate "2019.02.21"]
[EventType "team-swiss"]
[EventRounds "7"]
[EventCountry "TUN"]
[SourceTitle "CBM 189 Extra"]
[Source "ChessBase"]
[SourceDate "2019.05.31"]
[SourceVersion "1"]
[SourceVersionDate "2019.05.31"]
[SourceQuality "1"]
[WhiteTeam "Er Riadh"]
[BlackTeam "Al Gidah"]
[WhiteTeamCountry "TUN"]
[BlackTeamCountry "YEM"]

1. c4 e5 2. g3 Nf6 3. Bg2 c6 4. d4 exd4 5. Qxd4 d5 6. cxd5 cxd5 7. Nf3 Nc6 8. Qd1 Be7 9. 0-0 0-0 10. Nbd2 a5 11. Nb3 a4 12. Nbd4 Qb6 13. h3 Bc5 14. Be3 Re8 15. Rc1 Rxe3 16. fxe3 Ne4 17. Qc2 Nb4 18. Qb1 Qh6 19. Rxc5 Qxe3+ 20. Kh2 Nxc5 21. Qc1 Qxc1 22. Rxc1 b6 23. a3 Nba6 24. Nd2 Bb7 25. Kg1 Re8 26. Kf2 Nc7 27. h4 g6 28. Bf3 Re7 29. b4 axb3 30. N2xb3 N7a6 31. Rb1 Ne4+ 32. Bxe4 Rxe4 33. e3 Re7 34. Nd2 Nc5 35. Rxb6 Ba6 36. Rc6 Nd3+ 37. Kg2 Bb7 38. Rb6 Kg7 39. a4 Bc8 40. Rd6 Rxe3 41. Rd8 Ba6 42. Rd6 Bc8 43. Rd8 Bg4 44. Rxd5 Nb2 45. Rg5 f5 46. Nf1 Re4 47. Rxg4 fxg4 48. Nc6 Nxa4 49. Kf2 Nc3 50. Ne3 h5 51. Na5 Ra4 52. Nac4 Ne4+ 0-1

[Event "Arab Cities"]
[Site "Hammamet"]
[Date "2019.02.22"]
[Round "3.3"]
[White "Al Zendani, Zendan"]
[Black "Boudriga, Mohamed Ali"]
[Result "1/2-1/2"]
[WhiteElo "2307"]
[BlackElo "2366"]
[PlyCount "26"]
[EventDate "2019.02.21"]
[EventType "team-swiss"]
[EventRounds "7"]
[EventCountry "TUN"]
[SourceTitle "CBM 189 Extra"]
[Source "ChessBase"]
[SourceDate "2019.05.31"]
[SourceVersion "1"]
[SourceVersionDate "2019.05.31"]
[SourceQuality "1"]
[WhiteTeam "Al Gidah"]
[BlackTeam "Ariana"]
[WhiteTeamCountry "YEM"]
[BlackTeamCountry "TUN"]

1. e4 c5 2. Nf3 e6 3. d4 cxd4 4. Nxd4 a6 5. Nc3 Qc7 6. a3 Nf6 7. Be2 d6 8. 0-0 b5 9. f4 Bb7 10. Bf3 Nc6 11. Nxc6 Bxc6 12. f5 Be7 13. fxe6 fxe6 1/2-1/2

[Event "Olympiad-43"]
[Site "Batumi"]
[Date "2018.09.26"]
[Round "3.71"]
[White "Goorsahye, Antoine"]
[Black "Al Zendani, Zendan"]
[Result "0-1"]
[WhiteElo "1793"]
[BlackElo "2301"]
[PlyCount "48"]
[EventDate "2018.09.24"]
[EventType "team-swiss"]
[EventRounds "11"]
[EventCountry "GEO"]
[SourceTitle "CBM 187"]
[Source "ChessBase"]
[SourceDate "2018.12.11"]
[SourceVersion "1"]
[SourceVersionDate "2018.12.11"]
[SourceQuality "1"]
[WhiteTeam "Mauritius"]
[BlackTeam "Yemen"]
[WhiteTeamCountry "MRI"]
[BlackTeamCountry "YEM"]

1. d4 Nf6 2. c4 c5 3. d5 b5 4. Nc3 b4 5. Nb1 g6 6. Qc2 Bg7 7. e4 0-0 8. Bd3 d6 9. f4 e6 10. Nf3 exd5 11. cxd5 c4 12. Bxc4 Nxe4 13. Qxe4 Re8 14. Ne5 Bxe5 15. fxe5 Rxe5 16. Qxe5 dxe5 17. 0-0 Ba6 18. b3 Qb6+ 19. Kh1 Qd4 20. Bh6 Qxa1 21. Nd2 Qd4 22. d6 Bxc4 23. Nxc4 Nd7 24. h3 Re8 0-1

[Event "Arab Clubs-chT"]
[Site "Marrakesh"]
[Date "2014.05.28"]
[Round "5"]
[White "Al Zendani, Zendan"]
[Black "Tagelsir, Abubaker"]
[Result "1-0"]
[WhiteElo "2351"]
[BlackElo "2030"]
[PlyCount "105"]
[EventDate "2014.05.24"]
[EventType "team-swiss"]
[EventRounds "9"]
[EventCountry "MAR"]
[SourceTitle "EXT 2018"]
[Source "ChessBase"]
[SourceDate "2017.10.13"]
[SourceVersion "1"]
[SourceVersionDate "2017.10.13"]
[SourceQuality "1"]
[WhiteTeam "Shoola"]
[BlackTeam "Hilal"]
[WhiteTeamCountry "YEM"]
[BlackTeamCountry "SUD"]

1. e4 d6 2. d4 Nf6 3. Nc3 g6 4. h3 Bg7 5. Be3 c6 6. a4 Nbd7 7. Nf3 0-0 8. Be2 Qc7 9. 0-0 Re8 10. Qd2 e5 11. dxe5 dxe5 12. Bc4 Nf8 13. Ng5 Be6 14. Nxe6 Nxe6 15. Bxe6 Rxe6 16. Rfd1 Bf8 17. Qe2 Qa5 18. Qc4 Qb4 19. Qxb4 Bxb4 20. a5 Rd6 21. Rxd6 Bxd6 22. a6 b6 23. Rd1 Ne8 24. Na4 Kf8 25. c4 Ke7 26. c5 Bc7 27. cxb6 axb6 28. Nxb6 Rxa6 29. Nc4 Ke6 30. Bc5 Ra4 31. b4 Ra2 32. f3 f5 33. exf5+ gxf5 34. Re1 Kf6 35. Bb6 Ra4 36. Bxc7 Nxc7 37. Nxe5 Rxb4 38. Nxc6 Ra4 39. Ne7 h5 40. Kh2 h4 41. Re2 Rd4 42. Ng8+ Kg5 43. Re7 Nd5 44. Rd7 Rd1 45. Rg7+ Kh5 46. Ra7 Ne3 47. f4 Rb1 48. Nf6+ Kg6 49. Nd7 Nd5 50. Ne5+ Kh5 51. Nd3 Nc3 52. Nb4 Ne4 53. Nc2 1-0

[Event "Olympiad-40"]
[Site "Istanbul"]
[Date "2012.09.06"]
[Round "9.1"]
[White "Al Zendani, Zendan"]
[Black "Adu, Oladapo"]
[Result "1-0"]
[WhiteElo "2363"]
[BlackElo "2227"]
[PlyCount "79"]
[EventDate "2012.08.28"]
[EventType "team-swiss"]
[EventRounds "11"]
[EventCountry "TUR"]
[SourceTitle "CBM 151"]
[Source "ChessBase"]
[SourceDate "2012.11.13"]
[SourceVersion "1"]
[SourceVersionDate "2012.11.13"]
[SourceQuality "1"]
[WhiteTeam "Yemen"]
[BlackTeam "Nigeria"]
[WhiteTeamCountry "YEM"]
[BlackTeamCountry "NGR"]

1. d4 d6 2. e4 g6 3. c4 Bg7 4. Nc3 c6 5. Be3 Nf6 6. f3 Qa5 7. Qd2 h5 8. h4 a6 9. a3 Nbd7 10. Nh3 Qc7 11. Rc1 0-0 12. Be2 c5 13. b4 b6 14. 0-0 Bb7 15. Ng5 a5 16. Nb5 Qc8 17. bxc5 bxc5 18. d5 Ba6 19. Rb1 Ne5 20. a4 Qd8 21. Qe1 Bc8 22. Bd2 Nh7 23. Bc3 Bf6 24. f4 Ng4 25. Bxg4 Bxg4 26. e5 Bg7 27. Qe3 Bf5 28. Rb2 Re8 29. Re2 Rf8 30. Rfe1 Bg4 31. Rd2 Qb6 32. exd6 exd6 33. Bxg7 Kxg7 34. Qc3+ Kg8 35. Nxh7 Kxh7 36. Qf6 Rad8 37. Re7 Kg8 38. Rd3 Bf5 39. Rde3 Bd7 40. Nxd6 1-0

[Event "Olympiad-40"]
[Site "Istanbul"]
[Date "2012.09.04"]
[Round "7.1"]
[White "Efimov, Igor"]
[Black "Al Zendani, Zendan"]
[Result "1/2-1/2"]
[WhiteElo "2416"]
[BlackElo "2363"]
[PlyCount "108"]
[EventDate "2012.08.28"]
[EventType "team-swiss"]
[EventRounds "11"]
[EventCountry "TUR"]
[SourceTitle "CBM 151"]
[Source "ChessBase"]
[SourceDate "2012.11.13"]
[SourceVersion "1"]
[SourceVersionDate "2012.11.13"]
[SourceQuality "1"]
[WhiteTeam "Monaco"]
[BlackTeam "Yemen"]
[WhiteTeamCountry "MNC"]
[BlackTeamCountry "YEM"]

1. d4 Nf6 2. c4 e6 3. Nc3 d5 4. Nf3 c6 5. e3 Bd6 6. Qc2 Nbd7 7. g4 Nxg4 8. Rg1 Nxh2 9. Nxh2 Bxh2 10. Rxg7 Bd6 11. Bd2 Qf6 12. Rxh7 Rxh7 13. Qxh7 Nf8 14. Qc2 Qf3 15. Qd1 Qxd1+ 16. Kxd1 f5 17. cxd5 exd5 18. Bd3 Nh7 19. Ke2 Kf7 20. Rh1 Nf6 21. f3 Be6 22. Kf2 Rg8 23. Ne2 Rg7 24. a3 Rh7 25. Rxh7+ Nxh7 26. Ng3 Kf6 27. Kg2 Ng5 28. Ne2 Bd7 29. Be1 Nf7 30. Bh4+ Kg6 31. Bg3 Bxg3 32. Kxg3 Kg5 33. Kf2 Nd8 34. Nf4 Ne6 35. Nxe6+ Bxe6 36. Kg3 Bd7 37. Bf1 Be8 38. b4 Bd7 39. Be2 Be8 40. a4 a6 41. a5 Bd7 42. Bf1 Be6 43. Bh3 Bf7 44. e4 dxe4 45. fxe4 fxe4 46. Bc8 Bc4 47. Bxb7 Bb5 48. Bc8 e3 49. Bd7 Kf6 50. d5 Ke7 51. dxc6 Kd6 52. Bg4 Kxc6 53. Kf3 Bc4 54. Kxe3 Kb5 1/2-1/2

[Event "Asia-chT 17th"]
[Site "Zaozhuang"]
[Date "2012.05.25"]
[Round "8.1"]
[White "Al Zendani, Zendan"]
[Black "Abdulwahhab, Ahmed Abdulsattar"]
[Result "0-1"]
[WhiteElo "2377"]
[BlackElo "2321"]
[PlyCount "32"]
[EventDate "2012.05.17"]
[EventType "team-swiss"]
[EventRounds "9"]
[EventCountry "CHN"]
[SourceTitle "CBM 148 Extra"]
[Source "ChessBase"]
[SourceDate "2012.06.22"]
[SourceVersion "1"]
[SourceVersionDate "2012.06.22"]
[SourceQuality "1"]
[WhiteTeam "Yemen"]
[BlackTeam "Iraq"]
[WhiteTeamCountry "YEM"]
[BlackTeamCountry "IRQ"]

1. e4 c5 2. Nf3 e6 3. d4 cxd4 4. Nxd4 a6 5. c4 Nf6 6. Nc3 Qc7 7. f4 Bb4 8. e5 Ne4 9. Qf3 d5 10. Nc2 Nc6 11. Nxb4 Nxb4 12. Qe2 Nc5 13. Qd2 Qa5 14. cxd5 exd5 15. Nxd5 Ncd3+ 16. Bxd3 Nxd3+ 0-1

[Event "Asia-chT 17th"]
[Site "Zaozhuang"]
[Date "2012.05.19"]
[Round "3.1"]
[White "Al Zendani, Zendan"]
[Black "Jumabayev, Rinat"]
[Result "0-1"]
[WhiteElo "2377"]
[BlackElo "2556"]
[PlyCount "106"]
[EventDate "2012.05.17"]
[EventType "team-swiss"]
[EventRounds "9"]
[EventCountry "CHN"]
[SourceTitle "CBM 148 Extra"]
[Source "ChessBase"]
[SourceDate "2012.06.22"]
[SourceVersion "1"]
[SourceVersionDate "2012.06.22"]
[SourceQuality "1"]
[WhiteTeam "Yemen"]
[BlackTeam "Kazakhstan"]
[WhiteTeamCountry "YEM"]
[BlackTeamCountry "KAZ"]

1. e4 c5 2. Nf3 d6 3. Bb5+ Nc6 4. 0-0 Bd7 5. Re1 Nf6 6. c3 a6 7. Bf1 Bg4 8. Na3 e6 9. Nc2 Be7 10. d4 cxd4 11. cxd4 d5 12. e5 Nd7 13. h3 Bh5 14. g4 Bg6 15. Bd3 Nf8 16. Bf4 Bxd3 17. Qxd3 Ng6 18. Bg3 0-0 19. Qe3 Rc8 20. Re2 Qb6 21. Nce1 Na5 22. b3 Rc7 23. h4 Rfc8 24. Rd1 h6 25. h5 Nf8 26. Bh4 Rc3 27. Qf4 Bxh4 28. Nxh4 Nh7 29. Nhf3 Qd8 30. Re3 R3c7 31. Re2 Nc6 32. Rdd2 b6 33. Nc2 Na7 34. Ne3 Nb5 35. Re1 Nc3 36. Rc2 a5 37. Kg2 b5 38. Rg1 b4 39. Re1 Ne4 40. Rb2 Rc3 41. Rd1 Qe7 42. Nd2 Nhg5 43. Nxe4 Nxe4 44. f3 Qh4 45. Re2 Rxe3 46. Qxe3 Qg3+ 47. Kf1 Qh3+ 48. Kg1 Rc3 49. Rd3 Ng3 50. Rg2 Qh1+ 51. Kf2 Rc2+ 52. Rd2 Nf1 53. Rxc2 Qxg2+ 0-1

[Event "Arab Games rapid"]
[Site "Doha"]
[Date "2011.12.12"]
[Round "8"]
[White "Al Zendani, Zendan"]
[Black "Al Sayed, Mohammed"]
[Result "0-1"]
[WhiteElo "2384"]
[BlackElo "2514"]
[PlyCount "50"]
[EventDate "2011.12.11"]
[EventType "swiss (rapid)"]
[EventRounds "9"]
[EventCountry "QAT"]
[SourceTitle "CBM 145 Extra"]
[Source "ChessBase"]
[SourceDate "2012.01.03"]
[SourceVersion "1"]
[SourceVersionDate "2012.01.03"]
[SourceQuality "1"]

1. d4 d5 2. c4 c6 3. e3 Nf6 4. Nf3 Bf5 5. Nc3 e6 6. Qb3 Qb6 7. c5 Qc7 8. Bd2 h6 9. Rc1 Nbd7 10. Be2 g5 11. h3 Bg7 12. Qd1 e5 13. dxe5 Nxe5 14. Nxe5 Qxe5 15. 0-0 Qe6 16. g4 Bh7 17. f4 h5 18. f5 Qe5 19. Rf2 Qg3+ 20. Rg2 Qxh3 21. Rh2 Qg3+ 22. Rg2 Qe5 23. gxh5 Bxf5 24. Rxg5 Bh6 25. Rg2 Bh3 0-1

[Event "Arab Games rapid"]
[Site "Doha"]
[Date "2011.12.11"]
[Round "5"]
[White "Al Zendani, Zendan"]
[Black "Najjar, Ahmad"]
[Result "1-0"]
[WhiteElo "2384"]
[BlackElo "2274"]
[PlyCount "125"]
[EventDate "2011.12.11"]
[EventType "swiss (rapid)"]
[EventRounds "9"]
[EventCountry "QAT"]
[SourceTitle "CBM 145 Extra"]
[Source "ChessBase"]
[SourceDate "2012.01.03"]
[SourceVersion "1"]
[SourceVersionDate "2012.01.03"]
[SourceQuality "1"]

1. d4 d5 2. c4 e6 3. g3 Nf6 4. Bg2 Be7 5. Nf3 0-0 6. 0-0 b6 7. cxd5 exd5 8. Nc3 Bb7 9. Bf4 Bd6 10. Bxd6 Qxd6 11. Rc1 a6 12. e3 Nbd7 13. Nh4 g6 14. Re1 Rfe8 15. Qc2 Rac8 16. Red1 Kg7 17. Nf3 c5 18. dxc5 bxc5 19. Ne2 Ne5 20. Nxe5 Qxe5 21. Nf4 c4 22. Qc3 Qxc3 23. Rxc3 Red8 24. Rd4 h5 25. h4 Kf8 26. Rc2 Ke7 27. Rcd2 Ba8 28. Nxd5+ Nxd5 29. Bxd5 Bxd5 30. Rxd5 Rxd5 31. Rxd5 c3 32. bxc3 Rxc3 33. Ra5 Rc6 34. Kg2 Kf6 35. Kf3 Re6 36. Kf4 Kg7 37. e4 Kf8 38. f3 Kg7 39. g4 hxg4 40. Kxg4 Kf6 41. h5 gxh5+ 42. Rxh5 Kg6 43. Rg5+ Kf6 44. Ra5 Kg6 45. Kf4 Rf6+ 46. Ke3 Rd6 47. f4 Rb6 48. Kf3 Kf6 49. Kg4 Kg6 50. f5+ Kg7 51. e5 Kf8 52. Kg5 Ke7 53. Rc5 Rb7 54. Rc6 Ra7 55. Rh6 a5 56. e6 Ra8 57. Rh7 Rf8 58. Rg7 a4 59. a3 Ke8 60. Kf6 fxe6+ 61. Kxe6 Kd8 62. Ra7 Re8+ 63. Kd6 1-0

[Event "Arab Games rapid"]
[Site "Doha"]
[Date "2011.12.11"]
[Round "1"]
[White "Al Zendani, Zendan"]
[Black "Omar, Abdulrahman"]
[Result "1-0"]
[WhiteElo "2384"]
[BlackElo "2045"]
[PlyCount "71"]
[EventDate "2011.12.11"]
[EventType "swiss (rapid)"]
[EventRounds "9"]
[EventCountry "QAT"]
[SourceTitle "CBM 145 Extra"]
[Source "ChessBase"]
[SourceDate "2012.01.03"]
[SourceVersion "1"]
[SourceVersionDate "2012.01.03"]
[SourceQuality "1"]

1. d4 Nf6 2. c4 e6 3. g3 d5 4. Bg2 Be7 5. Nf3 0-0 6. 0-0 c5 7. cxd5 Nxd5 8. dxc5 Bxc5 9. a3 Nc6 10. Qc2 Qe7 11. b4 Bb6 12. Bb2 Bd7 13. e4 Nf6 14. e5 Nd5 15. Nbd2 Rac8 16. Qb3 Rfd8 17. Ne4 Be8 18. Rac1 f6 19. exf6 Nxf6 20. Nc5 Bxc5 21. Rxc5 h6 22. Re1 Bf7 23. Qc3 Qd7 24. Rc1 Bh5 25. Ne5 Qd6 26. Nxc6 bxc6 27. b5 Be2 28. bxc6 Rc7 29. Qc2 Bd3 30. Qd2 Qe7 31. Qa5 Ne4 32. Re5 Ng5 33. h4 Nf7 34. Rxe6 Qxe6 35. Qxc7 Qb3 36. Qxd8+ 1-0

[Event "Arab Games rapid"]
[Site "Doha"]
[Date "2011.12.11"]
[Round "4"]
[White "El Jawich, Amro"]
[Black "Al Zendani, Zendan"]
[Result "1/2-1/2"]
[WhiteElo "2139"]
[BlackElo "2384"]
[PlyCount "90"]
[EventDate "2011.12.11"]
[EventType "swiss (rapid)"]
[EventRounds "9"]
[EventCountry "QAT"]
[SourceTitle "CBM 145 Extra"]
[Source "ChessBase"]
[SourceDate "2012.01.03"]
[SourceVersion "1"]
[SourceVersionDate "2012.01.03"]
[SourceQuality "1"]

1. e4 c5 2. Nf3 d6 3. d4 cxd4 4. Nxd4 Nf6 5. Nc3 a6 6. Qe2 e6 7. Be3 Be7 8. 0-0-0 Qc7 9. g4 Nc6 10. g5 Nd7 11. f4 b5 12. Bh3 b4 13. Qc4 bxc3 14. Bxe6 0-0 15. Nxc6 Nb6 16. Bxb6 Qxb6 17. Nxe7+ Kh8 18. Qxc3 fxe6 19. f5 exf5 20. Nxf5 Bxf5 21. exf5 Rxf5 22. g6 hxg6 23. Rhe1 Raf8 24. Re6 R8f6 25. Re8+ Rf8 26. Qh3+ Kg8 27. Rxf8+ Kxf8 28. Qd3 d5 29. b3 Qf6 30. Kb1 Kg8 31. Qd4 Kh7 32. Qxf6 gxf6 33. b4 Kg7 34. a4 Kf7 35. Kb2 Ke6 36. Kb3 Rf4 37. Re1+ Kd6 38. c3 Rh4 39. Re2 f5 40. Rg2 Rh6 41. Rd2 Kc6 42. Rg2 Kd6 43. Rd2 Kc6 44. Rg2 Kd6 45. Rd2 Ke5 1/2-1/2

[Event "Arab-ch Elite"]
[Site "Dubai"]
[Date "2011.10.02"]
[Round "9"]
[White "Al Zendani, Zendan"]
[Black "Al Hajiri, Bader"]
[Result "1-0"]
[WhiteElo "2396"]
[BlackElo "2130"]
[PlyCount "97"]
[EventDate "2011.09.25"]
[EventType "swiss"]
[EventRounds "9"]
[EventCountry "UAE"]
[SourceTitle "CBM 144 Extra"]
[Source "ChessBase"]
[SourceDate "2011.10.28"]
[SourceVersion "1"]
[SourceVersionDate "2011.10.28"]
[SourceQuality "1"]

1. d4 Nf6 2. Nf3 d5 3. g3 g6 4. Bg2 Bg7 5. 0-0 0-0 6. c4 c6 7. Nbd2 Bf5 8. Re1 Ne4 9. Qb3 Nxd2 10. Bxd2 dxc4 11. Qxb7 Qb6 12. Qxa8 Nd7 13. Ba5 Rxa8 14. Bxb6 Nxb6 15. Ne5 Bxe5 16. dxe5 Rc8 17. Rac1 Be6 18. Rc2 c5 19. Rd1 Rb8 20. Bc6 Rc8 21. Bb5 a6 22. Bxa6 Ra8 23. Bb5 Rxa2 24. Rd8+ Kg7 25. Rb8 Bf5 26. Rc1 Na4 27. Rxc4 Nxb2 28. Rxc5 Bh3 29. Rc1 Na4 30. Re8 Nc3 31. Bc4 Ra4 32. Bd3 Ra7 33. f3 Nd5 34. Kf2 Bd7 35. Rd8 Nb4 36. Be4 Be6 37. Rb1 Na2 38. Rbb8 Nc3 39. Bd3 Ra2 40. Ke1 Bf5 41. e4 Be6 42. h4 Ra5 43. Kd2 Na4 44. Rg8+ Kh6 45. Ra8 Rxa8 46. Rxa8 Nc5 47. Ra7 Nd7 48. f4 f5 49. exf6 1-0